[Event "DEM U12w 2024"]
[Site "Willingen GER"]
[Date "2024.05.20"]
[Round "3"]
[White "Margaryan, Mane"]
[Black "Bharathula, Akhila"]
[Result "0-1"]
[Termination "normal"]
[Board "15"]
[WhiteElo "1512"]
[BlackElo "1420"]
[WhiteClock "00:36:59"]
[BlackClock "00:41:18"]
[PlyCount "88"]
[WhiteFideId "16268237"]
[BlackFideId "34641777"]
[EventCountry "GER"]
[EventRounds "9"]
[EventType "swiss"]
[EventDate "2024.05.18"]

1. d4 {[%clk 01:30:59]} {[%emt 00:09:33]} d5 {[%clk 01:30:54]} {[%emt
00:00:06]} 2. c4 {[%clk 01:31:25]} {[%emt 00:00:04]} e6 {[%clk 01:31:17]}
{[%emt 00:00:07]} 3. Nc3 {[%clk 01:31:52]} {[%emt 00:00:04]} Nf6 {[%clk
01:31:40]} {[%emt 00:00:06]} 4. Bg5 {[%clk 01:32:12]} {[%emt 00:00:10]} Nbd7
{[%clk 01:32:04]} {[%emt 00:00:07]} 5. cxd5 {[%clk 01:32:25]} {[%emt 00:00:16]}
exd5 {[%clk 01:32:22]} {[%emt 00:00:11]} 6. Nxd5 {[%clk 01:31:25]} {[%emt
00:01:30]} Nxd5 {[%clk 01:30:30]} {[%emt 00:02:22]} 7. Bxd8 {[%clk 01:31:49]}
{[%emt 00:00:07]} Bb4+ {[%clk 01:30:55]} {[%emt 00:00:05]} 8. Qd2 {[%clk
01:32:10]} {[%emt 00:00:09]} Bxd2+ {[%clk 01:31:13]} {[%emt 00:00:11]} 9. Kxd2
{[%clk 01:32:12]} {[%emt 00:00:29]} Kxd8 {[%clk 01:31:32]} {[%emt 00:00:10]}
10. e4 {[%clk 01:32:09]} {[%emt 00:00:34]} N5b6 {[%clk 01:31:07]} {[%emt
00:00:55]} 11. Nf3 {[%clk 01:30:43]} {[%emt 00:01:57]} Nf6 {[%clk 01:31:07]}
{[%emt 00:00:28]} 12. Bd3 {[%clk 01:28:25]} {[%emt 00:02:47]} Bd7 {[%clk
01:28:06]} {[%emt 00:03:33]} 13. Ne5 {[%clk 01:25:32]} {[%emt 00:03:23]} Ke7
{[%clk 01:26:44]} {[%emt 00:01:53]} 14. f4 {[%clk 01:22:43]} {[%emt 00:03:18]}
Rhe8 {[%clk 01:25:59]} {[%emt 00:01:14]} 15. Rae1 {[%clk 01:20:26]} {[%emt
00:02:47]} Rad8 {[%clk 01:25:15]} {[%emt 00:01:15]} 16. h3 {[%clk 01:17:50]}
{[%emt 00:03:06]} Kf8 {[%clk 01:22:22]} {[%emt 00:03:22]} 17. g4 {[%clk
01:14:25]} {[%emt 00:03:55]} Bc8 {[%clk 01:13:03]} {[%emt 00:09:49]} 18. Nf3
{[%clk 01:11:51]} {[%emt 00:03:05]} c6 {[%clk 01:06:57]} {[%emt 00:06:36]} 19.
Bc2 {[%clk 01:01:29]} {[%emt 00:10:53]} Re7 {[%clk 00:58:02]} {[%emt 00:09:24]}
20. Kc3 {[%clk 00:58:13]} {[%emt 00:03:46]} Rde8 {[%clk 00:56:32]} {[%emt
00:02:01]} 21. Ne5 {[%clk 00:56:51]} {[%emt 00:01:51]} Nbd7 {[%clk 00:54:54]}
{[%emt 00:02:08]} 22. g5 {[%clk 00:55:45]} {[%emt 00:01:36]} Nh5 {[%clk
00:51:37]} {[%emt 00:03:47]} 23. Rhf1 {[%clk 00:53:28]} {[%emt 00:02:47]} Nxe5
{[%clk 00:48:29]} {[%emt 00:03:36]} 24. dxe5 {[%clk 00:52:13]} {[%emt
00:01:47]} Bxh3 {[%clk 00:47:27]} {[%emt 00:01:31]} 25. Rh1 {[%clk 00:51:55]}
{[%emt 00:00:49]} Nxf4 {[%clk 00:47:23]} {[%emt 00:00:34]} 26. Re3 {[%clk
00:46:25]} {[%emt 00:05:58]} Bg2 {[%clk 00:44:40]} {[%emt 00:03:15]} 27. Rh2
{[%clk 00:44:52]} {[%emt 00:02:02]} Rxe5 {[%clk 00:43:37]} {[%emt 00:01:32]}
28. Rxh7 {[%clk 00:43:46]} {[%emt 00:01:37]} Kg8 {[%clk 00:43:39]} {[%emt
00:00:29]} 29. Rh4 {[%clk 00:43:21]} {[%emt 00:00:55]} Nd5+ {[%clk 00:42:36]}
{[%emt 00:01:33]} 30. exd5 {[%clk 00:41:49]} {[%emt 00:02:02]} Rxe3+ {[%clk
00:42:58]} {[%emt 00:00:08]} 31. Kd4 {[%clk 00:41:41]} {[%emt 00:00:39]} Bxd5
{[%clk 00:42:37]} {[%emt 00:00:50]} 32. g6 {[%clk 00:40:07]} {[%emt 00:02:04]}
Re2 {[%clk 00:40:09]} {[%emt 00:02:58]} 33. gxf7+ {[%clk 00:38:41]} {[%emt
00:01:56]} Bxf7 {[%clk 00:39:53]} {[%emt 00:00:45]} 34. Bh7+ {[%clk 00:38:13]}
{[%emt 00:00:58]} Kf8 {[%clk 00:40:07]} {[%emt 00:00:17]} 35. Bd3 {[%clk
00:38:19]} {[%emt 00:00:23]} Rd8+ {[%clk 00:39:52]} {[%emt 00:00:46]} 36. Kc3
{[%clk 00:36:58]} {[%emt 00:01:51]} Re3 {[%clk 00:39:36]} {[%emt 00:00:46]} 37.
Rd4 {[%clk 00:36:18]} {[%emt 00:01:10]} Rxd4 {[%clk 00:39:32]} {[%emt
00:00:33]} 38. Kxd4 {[%clk 00:36:42]} {[%emt 00:00:07]} Rh3 {[%clk 00:39:45]}
{[%emt 00:00:15]} 39. Bf5 {[%clk 00:36:30]} {[%emt 00:00:44]} Rh4+ {[%clk
00:40:06]} {[%emt 00:00:09]} 40. Kc3 {[%clk 00:36:44]} {[%emt 00:00:14]} g5
{[%clk 00:40:14]} {[%emt 00:00:24]} 41. Bc8 {[%clk 00:36:28]} {[%emt 00:00:46]}
g4 {[%clk 00:40:17]} {[%emt 00:00:27]} 42. Bxb7 {[%clk 00:36:13]} {[%emt
00:00:45]} Bd5 {[%clk 00:40:39]} {[%emt 00:00:08]} 43. Ba6 {[%clk 00:36:37]}
{[%emt 00:00:06]} g3 {[%clk 00:41:01]} {[%emt 00:00:08]} 44. Bf1 {[%clk
00:36:59]} {[%emt 00:00:08]} Rh1 {[%clk 00:41:18]} {[%emt 00:00:12]} 0-1

[Event "DEM U12w 2024"]
[Site "Willingen GER"]
[Date "2024.05.20"]
[Round "3"]
[White "Winkler, Frida"]
[Black "Döscher, Nayla"]
[Result "1-0"]
[Termination "normal"]
[Board "16"]
[WhiteElo "1587"]
[BlackElo "1564"]
[WhiteClock "00:42:32"]
[BlackClock "00:22:28"]
[PlyCount "107"]
[WhiteFideId "34622322"]
[BlackFideId "34625046"]
[EventCountry "GER"]
[EventRounds "9"]
[EventType "swiss"]
[EventDate "2024.05.18"]

1. e4 {[%clk 01:30:58]} {[%emt 00:00:01]} e5 {[%clk 01:30:52]} {[%emt
00:00:08]} 2. Nf3 {[%clk 01:31:20]} {[%emt 00:00:08]} Nc6 {[%clk 01:31:11]}
{[%emt 00:00:12]} 3. Bc4 {[%clk 01:31:37]} {[%emt 00:00:13]} Bc5 {[%clk
01:31:20]} {[%emt 00:00:20]} 4. c3 {[%clk 01:31:39]} {[%emt 00:00:28]} Nf6
{[%clk 01:31:08]} {[%emt 00:00:43]} 5. d3 {[%clk 01:31:37]} {[%emt 00:00:31]}
h6 {[%clk 01:30:55]} {[%emt 00:00:43]} 6. h3 {[%clk 01:30:53]} {[%emt
00:01:13]} O-O {[%clk 01:27:46]} {[%emt 00:03:40]} 7. Nbd2 {[%clk 01:31:00]}
{[%emt 00:00:23]} d6 {[%clk 01:27:11]} {[%emt 00:01:04]} 8. Bb3 {[%clk
01:30:54]} {[%emt 00:00:37]} Bd7 {[%clk 01:25:42]} {[%emt 00:01:59]} 9. Nf1
{[%clk 01:28:40]} {[%emt 00:02:43]} Re8 {[%clk 01:21:55]} {[%emt 00:04:18]} 10.
Ng3 {[%clk 01:26:39]} {[%emt 00:02:29]} Ne7 {[%clk 01:18:50]} {[%emt 00:03:38]}
11. Qe2 {[%clk 01:22:33]} {[%emt 00:04:35]} Ng6 {[%clk 01:15:09]} {[%emt
00:04:12]} 12. Be3 {[%clk 01:17:16]} {[%emt 00:05:45]} Bb6 {[%clk 01:14:27]}
{[%emt 00:01:13]} 13. O-O-O {[%clk 01:17:11]} {[%emt 00:00:36]} Nf4 {[%clk
01:09:49]} {[%emt 00:05:07]} 14. Bxf4 {[%clk 01:14:26]} {[%emt 00:03:14]} exf4
{[%clk 01:08:58]} {[%emt 00:01:22]} 15. Nf1 {[%clk 01:14:01]} {[%emt 00:00:55]}
Bc6 {[%clk 01:03:50]} {[%emt 00:05:38]} 16. N1d2 {[%clk 01:11:56]} {[%emt
00:02:33]} Qd7 {[%clk 00:54:52]} {[%emt 00:09:30]} 17. Nc4 {[%clk 01:10:10]}
{[%emt 00:02:16]} Rad8 {[%clk 00:51:54]} {[%emt 00:03:28]} 18. Qd2 {[%clk
01:09:00]} {[%emt 00:01:37]} Ba4 {[%clk 00:43:37]} {[%emt 00:08:50]} 19. Nxb6
{[%clk 01:07:49]} {[%emt 00:01:41]} axb6 {[%clk 00:43:18]} {[%emt 00:00:50]}
20. Qxf4 {[%clk 01:07:59]} {[%emt 00:00:19]} Bxb3 {[%clk 00:42:52]} {[%emt
00:00:57]} 21. axb3 {[%clk 01:07:50]} {[%emt 00:00:38]} Qb5 {[%clk 00:40:15]}
{[%emt 00:03:05]} 22. Kc2 {[%clk 01:05:01]} {[%emt 00:03:21]} Rd7 {[%clk
00:36:04]} {[%emt 00:04:42]} 23. Nd4 {[%clk 01:00:57]} {[%emt 00:04:32]} Qh5
{[%clk 00:34:15]} {[%emt 00:02:16]} 24. Qf3 {[%clk 00:58:23]} {[%emt 00:03:07]}
Qg6 {[%clk 00:33:10]} {[%emt 00:01:31]} 25. Qf5 {[%clk 00:55:09]} {[%emt
00:03:49]} Qxf5 {[%clk 00:32:05]} {[%emt 00:01:36]} 26. Nxf5 {[%clk 00:55:26]}
{[%emt 00:00:12]} d5 {[%clk 00:31:45]} {[%emt 00:00:51]} 27. f3 {[%clk
00:51:14]} {[%emt 00:04:40]} Nh5 {[%clk 00:29:10]} {[%emt 00:03:06]} 28. Rde1
{[%clk 00:44:07]} {[%emt 00:07:35]} Nf4 {[%clk 00:28:06]} {[%emt 00:01:36]} 29.
exd5 {[%clk 00:44:17]} {[%emt 00:00:20]} Rxe1 {[%clk 00:27:54]} {[%emt
00:00:42]} 30. Rxe1 {[%emt 00:00:58]} Rxd5 {[%clk 00:27:25]} {[%emt 00:00:10]}
31. Ne7+ {[%clk 00:44:56]} {[%emt 00:00:12]} Kf8 {[%clk 00:27:07]} {[%emt
00:00:49]} 32. Nxd5 {[%clk 00:45:14]} {[%emt 00:00:12]} Nxd5 {[%clk 00:27:30]}
{[%emt 00:00:07]} 33. g4 {[%clk 00:44:39]} {[%emt 00:01:03]} g5 {[%clk
00:26:37]} {[%emt 00:01:24]} 34. Rh1 {[%clk 00:44:20]} {[%emt 00:00:47]} Ke7
{[%clk 00:26:12]} {[%emt 00:00:57]} 35. h4 {[%clk 00:44:36]} {[%emt 00:00:13]}
Kf6 {[%clk 00:26:05]} {[%emt 00:00:39]} 36. hxg5+ {[%clk 00:44:18]} {[%emt
00:00:48]} hxg5 {[%clk 00:26:21]} {[%emt 00:00:13]} 37. c4 {[%clk 00:44:01]}
{[%emt 00:00:46]} Nb4+ {[%clk 00:25:09]} {[%emt 00:01:43]} 38. Kd2 {[%clk
00:44:14]} {[%emt 00:00:15]} Nc6 {[%clk 00:24:33]} {[%emt 00:01:08]} 39. Rf1
{[%clk 00:44:11]} {[%emt 00:00:31]} Ke5 {[%clk 00:24:34]} {[%emt 00:00:32]} 40.
Ke3 {[%clk 00:44:28]} {[%emt 00:00:12]} f6 {[%clk 00:23:56]} {[%emt 00:01:09]}
41. f4+ {[%clk 00:44:41]} {[%emt 00:00:15]} gxf4+ {[%clk 00:23:04]} {[%emt
00:01:23]} 42. Rxf4 {[%clk 00:45:01]} {[%emt 00:00:10]} Nb4 {[%clk 00:22:40]}
{[%emt 00:00:54]} 43. Rf5+ {[%clk 00:43:33]} {[%emt 00:01:57]} Ke6 {[%clk
00:22:55]} {[%emt 00:00:15]} 44. Ke4 {[%clk 00:43:46]} {[%emt 00:00:16]} Na6
{[%clk 00:22:24]} {[%emt 00:01:04]} 45. d4 {[%clk 00:43:55]} {[%emt 00:00:20]}
c6 {[%clk 00:22:06]} {[%emt 00:00:49]} 46. d5+ {[%clk 00:43:42]} {[%emt
00:00:41]} cxd5+ {[%clk 00:22:15]} {[%emt 00:00:22]} 47. cxd5+ {[%clk
00:44:06]} {[%emt 00:00:06]} Ke7 {[%clk 00:22:29]} {[%emt 00:00:16]} 48. Kd4
{[%clk 00:42:22]} {[%emt 00:02:13]} Nc7 {[%clk 00:21:43]} {[%emt 00:01:17]} 49.
d6+ {[%clk 00:42:20]} {[%emt 00:00:31]} Kxd6 {[%clk 00:21:57]} {[%emt
00:00:17]} 50. Rxf6+ {[%clk 00:42:44]} {[%emt 00:00:06]} Ke7 {[%clk 00:22:06]}
{[%emt 00:00:21]} 51. Rxb6 {[%clk 00:42:54]} {[%emt 00:00:20]} Ne6+ {[%clk
00:22:15]} {[%emt 00:00:22]} 52. Ke5 {[%clk 00:41:58]} {[%emt 00:01:23]} Nc5
{[%clk 00:22:15]} {[%emt 00:00:24]} 53. Kf5 {[%clk 00:42:17]} {[%emt 00:00:17]}
Kf7 {[%clk 00:22:28]} {[%emt 00:00:19]} 54. b4 {[%clk 00:42:32]} {[%emt
00:00:14]} 1-0

[Event "DEM U12w 2024"]
[Site "Willingen GER"]
[Date "2024.05.20"]
[Round "3"]
[White "Haidekker, Ailis"]
[Black "Yang, Sophie"]
[Result "0-1"]
[Termination "normal"]
[Board "17"]
[WhiteElo "1224"]
[BlackElo "1543"]
[WhiteClock "00:15:39"]
[BlackClock "00:33:35"]
[PlyCount "102"]
[WhiteFideId "34649263"]
[BlackFideId "16279174"]
[EventCountry "GER"]
[EventRounds "9"]
[EventType "swiss"]
[EventDate "2024.05.18"]

1. e4 {[%clk 01:30:59]} e6 {[%clk 01:30:54]} {[%emt 00:00:06]} 2. d4 {[%clk
01:31:23]} {[%emt 00:00:06]} d5 {[%clk 01:31:21]} {[%emt 00:00:04]} 3. exd5
{[%clk 01:31:45]} {[%emt 00:00:08]} exd5 {[%clk 01:31:45]} {[%emt 00:00:06]} 4.
Bd3 {[%clk 01:32:01]} {[%emt 00:00:13]} Nf6 {[%clk 01:32:01]} {[%emt 00:00:14]}
5. Bf4 {[%clk 01:31:11]} {[%emt 00:01:20]} c6 {[%clk 01:32:21]} {[%emt
00:00:10]} 6. Nf3 {[%clk 01:31:27]} {[%emt 00:00:14]} Bg4 {[%clk 01:32:34]}
{[%emt 00:00:18]} 7. Nbd2 {[%clk 01:31:40]} {[%emt 00:00:17]} Be7 {[%clk
01:31:30]} {[%emt 00:01:33]} 8. O-O {[%clk 01:31:43]} {[%emt 00:00:27]} O-O
{[%clk 01:31:48]} {[%emt 00:00:11]} 9. c3 {[%clk 01:31:16]} {[%emt 00:00:59]}
Nbd7 {[%clk 01:29:05]} {[%emt 00:03:11]} 10. Qc2 {[%clk 01:31:13]} {[%emt
00:00:34]} Re8 {[%clk 01:27:46]} {[%emt 00:01:48]} 11. Rfe1 {[%clk 01:30:53]}
{[%emt 00:00:51]} Nf8 {[%clk 01:24:55]} {[%emt 00:03:20]} 12. h3 {[%clk
01:29:16]} {[%emt 00:02:08]} Bh5 {[%clk 01:25:05]} {[%emt 00:00:19]} 13. Bg3
{[%clk 01:22:58]} {[%emt 00:06:49]} Bg6 {[%clk 01:23:42]} {[%emt 00:01:53]} 14.
Ne5 {[%clk 01:21:33]} {[%emt 00:01:56]} Bxd3 {[%clk 01:23:51]} {[%emt
00:00:20]} 15. Qxd3 {[%clk 01:21:43]} {[%emt 00:00:21]} Ng6 {[%clk 01:18:18]}
{[%emt 00:06:02]} 16. Ndf3 {[%clk 01:20:57]} {[%emt 00:01:16]} Bd6 {[%clk
01:09:53]} {[%emt 00:08:55]} 17. Nxg6 {[%clk 01:19:51]} {[%emt 00:01:36]} Bxg3
{[%emt 00:01:46]} 18. fxg3 {[%clk 01:17:02]} {[%emt 00:03:16]} fxg6 {[%clk
01:08:44]} {[%emt 00:00:25]} 19. c4 {[%clk 01:15:13]} {[%emt 00:02:21]} dxc4
{[%clk 01:07:37]} {[%emt 00:01:35]} 20. Qxc4+ {[%clk 01:15:18]} {[%emt
00:00:26]} Nd5 {[%clk 01:07:36]} {[%emt 00:00:30]} 21. Ne5 {[%clk 01:09:21]}
{[%emt 00:06:28]} Rf8 {[%clk 00:58:45]} {[%emt 00:09:22]} 22. Qb3 {[%clk
00:54:26]} {[%emt 00:15:24]} Qc7 {[%clk 00:54:15]} {[%emt 00:04:58]} 23. Rac1
{[%clk 00:49:12]} {[%emt 00:05:46]} Qb6 {[%clk 00:49:41]} {[%emt 00:05:04]} 24.
Qa3 {[%clk 00:47:03]} {[%emt 00:02:40]} Qxd4+ {[%clk 00:47:54]} {[%emt
00:02:16]} 25. Kh2 {[%clk 00:45:20]} {[%emt 00:02:12]} Qb4 {[%clk 00:45:29]}
{[%emt 00:02:52]} 26. Qxb4 {[%clk 00:38:29]} {[%emt 00:07:25]} Nxb4 {[%clk
00:45:47]} {[%emt 00:00:12]} 27. a3 {[%clk 00:37:47]} {[%emt 00:01:13]} Nd5
{[%clk 00:45:59]} {[%emt 00:00:17]} 28. Ng4 {[%clk 00:26:07]} {[%emt 00:12:10]}
Rae8 {[%clk 00:45:37]} {[%emt 00:00:50]} 29. b4 {[%clk 00:21:59]} {[%emt
00:04:41]} Nf6 {[%clk 00:41:59]} {[%emt 00:04:03]} 30. Ne3 {[%clk 00:19:11]}
{[%emt 00:03:22]} Re7 {[%clk 00:40:34]} {[%emt 00:01:53]} 31. Nc4 {[%clk
00:19:09]} {[%emt 00:00:34]} Rfe8 {[%clk 00:40:43]} {[%emt 00:00:19]} 32. Red1
{[%clk 00:17:56]} {[%emt 00:01:45]} Nd5 {[%clk 00:37:21]} {[%emt 00:03:42]} 33.
b5 {[%clk 00:17:02]} {[%emt 00:01:35]} cxb5 {[%clk 00:30:46]} {[%emt 00:07:05]}
34. Nd6 {[%clk 00:14:30]} {[%emt 00:03:02]} Ne3 {[%clk 00:30:18]} {[%emt
00:00:57]} 35. Re1 {[%clk 00:10:28]} {[%emt 00:04:33]} Ng4+ {[%clk 00:29:14]}
{[%emt 00:01:34]} 36. hxg4 {[%clk 00:10:40]} {[%emt 00:00:18]} Rxe1 {[%clk
00:29:37]} {[%emt 00:00:07]} 37. Rxe1 {[%clk 00:10:47]} {[%emt 00:00:23]} Rxe1
{[%clk 00:30:00]} {[%emt 00:00:06]} 38. Nxb5 {[%clk 00:11:08]} {[%emt
00:00:10]} a6 {[%clk 00:30:25]} {[%emt 00:00:05]} 39. Nd6 {[%clk 00:11:12]}
{[%emt 00:00:25]} Ra1 {[%clk 00:30:40]} {[%emt 00:00:14]} 40. Nxb7 {[%clk
00:11:22]} {[%emt 00:00:21]} Rxa3 {[%clk 00:31:04]} {[%emt 00:00:07]} 41. Kh3
{[%clk 00:11:44]} {[%emt 00:00:07]} g5 {[%clk 00:31:23]} {[%emt 00:00:11]} 42.
Kh2 {[%clk 00:12:06]} {[%emt 00:00:09]} Ra1 {[%clk 00:31:41]} {[%emt 00:00:11]}
43. Nd6 {[%clk 00:12:19]} {[%emt 00:00:17]} a5 {[%clk 00:31:55]} {[%emt
00:00:15]} 44. Nc4 {[%clk 00:12:40]} {[%emt 00:00:10]} a4 {[%clk 00:32:17]}
{[%emt 00:00:09]} 45. Nd2 {[%clk 00:13:04]} {[%emt 00:00:06]} a3 {[%clk
00:32:16]} {[%emt 00:00:30]} 46. Nb3 {[%clk 00:13:31]} {[%emt 00:00:03]} Re1
{[%clk 00:32:30]} {[%emt 00:00:13]} 47. Nd2 {[%clk 00:13:54]} {[%emt 00:00:11]}
a2 {[%clk 00:32:47]} {[%emt 00:00:13]} 48. Nb3 {[%clk 00:14:21]} {[%emt
00:00:03]} Rb1 {[%clk 00:33:05]} {[%emt 00:00:10]} 49. Nd2 {[%clk 00:14:50]}
{[%emt 00:00:03]} a1=Q {[%clk 00:33:16]} {[%emt 00:00:12]} 50. Nxb1 {[%clk
00:15:16]} {[%emt 00:00:11]} Qxb1 {[%clk 00:33:35]} {[%emt 00:00:11]} 51. Kh3
{[%clk 00:15:39]} {[%emt 00:00:06]} Qh1# {[%emt 00:00:05]} 0-1

[Event "DEM U12w 2024"]
[Site "Willingen GER"]
[Date "2024.05.20"]
[Round "3"]
[White "Nönnig, Lotte"]
[Black "Klymenko, Mariia"]
[Result "0-1"]
[Termination "normal"]
[Board "18"]
[WhiteElo "1647"]
[BlackElo "1438"]
[WhiteClock "00:08:36"]
[BlackClock "00:18:41"]
[PlyCount "118"]
[WhiteFideId "34611509"]
[BlackFideId "34620621"]
[EventCountry "GER"]
[EventRounds "9"]
[EventType "swiss"]
[EventDate "2024.05.18"]

1. e4 {[%clk 01:30:58]} c6 {[%clk 01:30:57]} {[%emt 00:00:05]} 2. d4 {[%clk
01:31:17]} {[%emt 00:00:10]} d5 {[%clk 01:31:22]} {[%emt 00:00:05]} 3. Nd2
{[%clk 01:31:34]} {[%emt 00:00:12]} dxe4 {[%clk 01:31:45]} {[%emt 00:00:08]} 4.
Nxe4 {[%clk 01:31:53]} {[%emt 00:00:10]} Nf6 {[%clk 01:32:09]} {[%emt
00:00:07]} 5. Ng3 {[%clk 01:25:29]} {[%emt 00:06:53]} g6 {[%clk 01:30:31]}
{[%emt 00:02:08]} 6. Nf3 {[%clk 01:23:50]} {[%emt 00:02:10]} Bg7 {[%clk
01:29:01]} {[%emt 00:02:00]} 7. Be3 {[%clk 01:19:02]} {[%emt 00:05:18]} O-O
{[%clk 01:23:58]} {[%emt 00:05:32]} 8. Bd3 {[%clk 01:17:17]} {[%emt 00:02:16]}
Bg4 {[%clk 01:20:15]} {[%emt 00:04:12]} 9. h3 {[%clk 01:15:09]} {[%emt
00:02:38]} Bxf3 {[%clk 01:19:55]} {[%emt 00:00:51]} 10. Qxf3 {[%clk 01:14:34]}
{[%emt 00:01:05]} e5 {[%clk 01:14:36]} {[%emt 00:05:48]} 11. c3 {[%clk
00:59:34]} {[%emt 00:15:31]} Nd5 {[%clk 01:04:05]} {[%emt 00:11:01]} 12. O-O
{[%clk 00:54:02]} {[%emt 00:06:01]} exd4 {[%clk 01:00:05]} {[%emt 00:04:29]}
13. Bxd4 {[%clk 00:52:30]} {[%emt 00:02:03]} Bxd4 {[%clk 00:59:37]} {[%emt
00:00:58]} 14. cxd4 {[%clk 00:51:52]} {[%emt 00:01:09]} Nb4 {[%clk 00:53:36]}
{[%emt 00:06:29]} 15. a3 {[%clk 00:44:48]} {[%emt 00:07:36]} Nxd3 {[%clk
00:52:39]} {[%emt 00:01:27]} 16. Qxd3 {[%clk 00:45:02]} {[%emt 00:00:15]} Nd7
{[%clk 00:48:28]} {[%emt 00:04:41]} 17. Rad1 {[%clk 00:43:42]} {[%emt
00:01:51]} Nf6 {[%clk 00:47:29]} {[%emt 00:01:28]} 18. Ne4 {[%clk 00:40:11]}
{[%emt 00:04:02]} Nxe4 {[%clk 00:44:58]} {[%emt 00:03:01]} 19. Qxe4 {[%clk
00:40:21]} {[%emt 00:00:20]} Qf6 {[%clk 00:43:18]} {[%emt 00:02:03]} 20. b4
{[%clk 00:38:10]} {[%emt 00:02:48]} Rfe8 {[%clk 00:40:55]} {[%emt 00:02:52]}
21. Qd3 {[%clk 00:37:29]} {[%emt 00:01:12]} Rad8 {[%clk 00:39:53]} {[%emt
00:01:31]} 22. a4 {[%clk 00:32:19]} {[%emt 00:05:41]} Rd5 {[%clk 00:34:55]}
{[%emt 00:05:22]} 23. Qc3 {[%clk 00:22:16]} {[%emt 00:10:38]} Red8 {[%clk
00:33:13]} {[%emt 00:02:12]} 24. Rfe1 {[%clk 00:21:01]} {[%emt 00:01:45]} Rxd4
{[%clk 00:30:20]} {[%emt 00:03:23]} 25. Rxd4 {[%emt 00:00:49]} Qxd4 {[%clk
00:29:31]} {[%emt 00:00:56]} 26. Qb3 {[%clk 00:19:24]} {[%emt 00:02:02]} b5
{[%clk 00:23:13]} {[%emt 00:06:57]} 27. axb5 {[%clk 00:15:53]} {[%emt
00:04:02]} cxb5 {[%clk 00:23:15]} {[%emt 00:00:28]} 28. Qa3 {[%clk 00:15:09]}
{[%emt 00:01:12]} Ra8 {[%clk 00:18:57]} {[%emt 00:04:50]} 29. Qa5 {[%clk
00:14:19]} {[%emt 00:01:20]} a6 {[%clk 00:16:45]} {[%emt 00:02:43]} 30. Rc1
{[%clk 00:12:35]} {[%emt 00:02:11]} Qd8 {[%clk 00:13:55]} {[%emt 00:03:07]} 31.
Qa3 {[%clk 00:10:35]} {[%emt 00:02:44]} a5 {[%clk 00:12:02]} {[%emt 00:02:24]}
32. bxa5 {[%clk 00:09:40]} {[%emt 00:01:25]} Rxa5 {[%clk 00:11:26]} {[%emt
00:01:05]} 33. Qb4 {[%clk 00:09:48]} {[%emt 00:00:22]} Qa8 {[%clk 00:08:46]}
{[%emt 00:03:09]} 34. Qb2 {[%clk 00:07:44]} {[%emt 00:02:33]} Qb8 {[%clk
00:06:44]} {[%emt 00:02:29]} 35. Qb4 {[%clk 00:06:56]} {[%emt 00:01:23]} Ra4
{[%clk 00:05:12]} {[%emt 00:02:01]} 36. Qb3 {[%clk 00:06:31]} {[%emt 00:00:54]}
Re4 {[%clk 00:03:29]} {[%emt 00:02:11]} 37. Rb1 {[%clk 00:06:09]} {[%emt
00:00:57]} Kg7 {[%clk 00:02:38]} {[%emt 00:01:20]} 38. Qxb5 {[%clk 00:05:42]}
{[%emt 00:00:57]} Re1+ {[%clk 00:02:49]} {[%emt 00:00:19]} 39. Rxe1 {[%clk
00:05:31]} {[%emt 00:00:41]} Qxb5 {[%clk 00:03:17]} {[%emt 00:00:02]} 40. g3
{[%clk 00:04:35]} {[%emt 00:01:26]} h5 {[%clk 00:01:53]} {[%emt 00:01:55]} 41.
Kh2 {[%clk 00:02:28]} {[%emt 00:02:33]} Qb2 {[%clk 00:29:18]} {[%emt 00:03:02]}
42. Kg1 {[%clk 00:31:20]} {[%emt 00:01:36]} Kf6 {[%clk 00:28:30]} {[%emt
00:01:25]} 43. Kg2 {[%clk 00:29:48]} {[%emt 00:02:01]} Qb7+ {[%clk 00:26:50]}
{[%emt 00:02:08]} 44. Kg1 {[%clk 00:29:14]} {[%emt 00:01:08]} g5 {[%clk
00:23:49]} {[%emt 00:03:31]} 45. Re3 {[%clk 00:25:40]} {[%emt 00:04:03]} Kf5
{[%clk 00:19:56]} {[%emt 00:04:23]} 46. g4+ {[%clk 00:12:08]} {[%emt 00:14:02]}
hxg4 {[%clk 00:17:56]} {[%emt 00:02:31]} 47. hxg4+ {[%clk 00:12:25]} {[%emt
00:00:14]} Kxg4 {[%clk 00:17:37]} {[%emt 00:00:47]} 48. Rg3+ {[%clk 00:12:30]}
{[%emt 00:00:25]} Kh4 {[%clk 00:17:01]} {[%emt 00:00:56]} 49. Kh2 {[%clk
00:10:10]} {[%emt 00:02:59]} Qc7 {[%clk 00:16:45]} {[%emt 00:00:47]} 50. Kg2
{[%clk 00:09:57]} {[%emt 00:00:41]} Qxg3+ {[%clk 00:15:53]} {[%emt 00:01:26]}
51. fxg3+ {[%clk 00:10:01]} {[%emt 00:00:26]} Kg4 {[%clk 00:16:16]} {[%emt
00:00:06]} 52. Kf2 {[%clk 00:09:43]} {[%emt 00:00:48]} Kh3 {[%clk 00:16:29]}
{[%emt 00:00:13]} 53. Kf3 {[%clk 00:09:07]} {[%emt 00:01:11]} g4+ {[%clk
00:16:53]} {[%emt 00:00:06]} 54. Kf2 {[%clk 00:07:46]} {[%emt 00:01:50]} f5
{[%clk 00:17:07]} {[%emt 00:00:17]} 55. Kf1 {[%clk 00:07:57]} {[%emt 00:00:18]}
Kxg3 {[%clk 00:17:30]} {[%emt 00:00:08]} 56. Kg1 {[%clk 00:08:21]} {[%emt
00:00:06]} f4 {[%clk 00:17:36]} {[%emt 00:00:24]} 57. Kh1 {[%clk 00:08:14]}
{[%emt 00:00:36]} Kf2 {[%clk 00:17:55]} {[%emt 00:00:08]} 58. Kh2 {[%clk
00:08:23]} {[%emt 00:00:24]} g3 {[%clk 00:18:17]} {[%emt 00:00:08]} 59. Kh1
{[%clk 00:08:36]} {[%emt 00:00:15]} g2+ {[%clk 00:18:41]} {[%emt 00:00:08]} 0-1